Madame Sarah /

Hlavní autor: Skinner, Cornelia Otis
Další autoři: Skibniewska, Maria, 1904-1984
Jazyk: Polština
Vydáno: Warszawa : Państwowy Instytut Wydawniczy, 1981
Vydání: 1. wydanie
Edice: Artyści
Fyzický popis: 309 stran, obrazové přílohy : ilustrace
Knihy
Uloženo v:
LEADER 01064nam a22003252i 4500
001 001522272
003 CZ BrMZK
005 20160818123101.0
007 ta
008 160422s1981 pl af er|||||||||||pol d
040 |a BOA001  |b cze  |e rda 
041 1 |a pol  |h fre 
080 9 |a 792.071.028(44)"18/19":92Bernhardt 
100 1 |a Skinner, Cornelia Otis  |4 aut 
245 1 0 |a Madame Sarah /  |c Cornelia Otis Skinner ; przełożyła Maria Skibniewska 
250 |a 1. wydanie 
264 1 |a Warszawa :  |b Państwowy Instytut Wydawniczy,  |c 1981 
300 |a 309 stran, obrazové přílohy :  |b ilustrace 
336 |a text  |b txt  |2 rdacontent 
337 |a bez média  |b n  |2 rdamedia 
338 |a svazek  |b nc  |2 rdacarrier 
490 1 |a Artyści 
500 |a Přeloženo z francouzštiny 
504 |a Obsahuje bibliografii 
700 1 |a Skibniewska, Maria,  |d 1904-1984  |7 mub2011664628  |4 trl 
830 0 |a Artyści 
910 |a BOA001  |b M2-0986.162 
990 |a BK 
991 |b 201604 
996 7 |b 2619156219  |c M2-0986.162  |l MZK  |r Sklad / do 24 hodin  |n 0  |w 001557748  |u 000010  |a 1  |e BOA001  |j MZK50  |s A